Journey Songs - Sudden Death - Statistics

General Stats
  • This quiz has been taken 183 times
  • The average score is 12 of 20
Answers on the Grid
Answers color-coded by a green-red scale on the quiz's grid according to % correct below.
Any Way You Want It
Lady
Who's Crying Now
Lights
Girl Can't Help It
Juke Box Hero
Separate Ways (Worlds Apart)
Pour Some Sugar On Me
Don't Stop Believin'
SexyBack
With or Without You
More Than a Feeling
Wheel in the Sky
Faithfully
When You Love a Woman
Open Arms
Lovin', Touchin', Squeezing
Stone in Love
Livin' On a Prayer
After the Fall
After all These Years
You're the Inspiration
Sweet and Simple
Anytime
Of a Lifetime
Still They Ride
Keep On Loving You
Be Good to Yourself
Heat of the Moment
I'll Be Alright Without You
 
Answer Stats
Answer % Correct
Any Way You Want It
91%
Don't Stop Believin'
88%
Separate Ways (Worlds Apart)
83%
Faithfully
75%
Wheel in the Sky
73%
Open Arms
71%
Lights
70%
Who's Crying Now
69%
Lovin', Touchin', Squeezing
67%
Stone in Love
58%
Girl Can't Help It
55%
Be Good to Yourself
49%
I'll Be Alright Without You
47%
Anytime
46%
Still They Ride
46%
When You Love a Woman
46%
After all These Years
45%
After the Fall
42%
Sweet and Simple
42%
Of a Lifetime
39%
No matching quizzes found
Score Distribution
Percent of People with Each Score
Percentile by Number Answered
Your Score History
You have not taken this quiz